Joint influence of steered vacuum arc and negative repetitively pulsed bias on titanium macroparticles suppression; Energy Fluxes and Radiation Effects (EFRE-2016)

গ্রন্থ-পঞ্জীর বিবরন
Parent link:Energy Fluxes and Radiation Effects (EFRE-2016).— 2016.— [P. 279]
সংস্থা লেখক: Национальный исследовательский Томский политехнический университет (ТПУ) Физико-технический институт (ФТИ) Лаборатория № 22
অন্যান্য লেখক: Ryabchikov A. I. Aleksandr Ilyich, Ananin P. Peter, Dektyarev S. V. Sergey Valentinovich, Shevelev A. E. Aleksey Eduardovich, Sivin D. O. Denis Olegovich
সংক্ষিপ্ত:Title screen
ভাষা:ইংরেজি
প্রকাশিত: 2016
বিষয়গুলি:
অনলাইন ব্যবহার করুন:http://earchive.tpu.ru/handle/11683/35843
বিন্যাস: MixedMaterials বৈদ্যুতিক গ্রন্থের অধ্যায়
KOHA link:https://koha.lib.tpu.ru/cgi-bin/koha/opac-detail.pl?biblionumber=621365

MARC

LEADER 00000naa2a2200000 4500
001 621365
005 20231101133146.0
035 |a (RuTPU)RU\TPU\conf\19932 
035 |a RU\TPU\conf\19931 
090 |a 621365 
100 |a 20161216d2016 k y0engy50 ba 
101 0 |a eng 
102 |a RU 
105 |a y z 101zy 
135 |a drgn ---uucaa 
181 0 |a i  
182 0 |a b 
200 1 |a Joint influence of steered vacuum arc and negative repetitively pulsed bias on titanium macroparticles suppression  |f A. I. Ryabchikov [et al.] 
203 |a Текст  |c электронный 
230 |a 1 computer file (pdf; 262 Kb) 
300 |a Title screen 
463 0 |0 (RuTPU)RU\TPU\conf\19513  |t Energy Fluxes and Radiation Effects (EFRE-2016)  |o International Congress, October 2–7, 2016, Tomsk, Russia  |o abstracts  |f National Research Tomsk Polytechnic University (TPU) ; eds. B. M. Kovalchuk [et al.]  |v [P. 279]  |d 2016 
610 1 |a труды учёных ТПУ 
610 1 |a электронный ресурс 
610 1 |a вакуумные дуги 
610 1 |a титан 
610 1 |a макрочастицы 
610 1 |a плазма 
610 1 |a vacuum steered arc 
610 1 |a plasma 
610 1 |a macroparticles 
610 1 |a high frequenc pulsed bias 
701 1 |a Ryabchikov  |b A. I.  |c Professor of Tomsk Polytechnic University, Doctor of physical and mathematical sciences  |c physicist  |f 1950-  |g Aleksandr Ilyich  |2 stltpush  |3 (RuTPU)RU\TPU\pers\30912 
701 1 |a Ananin  |b P.  |g Peter 
701 1 |a Dektyarev  |b S. V.  |c physicist  |c design engineer of Tomsk Polytechnic University  |f 1957-  |g Sergey Valentinovich  |2 stltpush  |3 (RuTPU)RU\TPU\pers\35672 
701 1 |a Shevelev  |b A. E.  |c Physicist  |c Engineer of Tomsk Polytechnic University  |f 1990-  |g Aleksey Eduardovich  |2 stltpush  |3 (RuTPU)RU\TPU\pers\36832 
701 1 |a Sivin  |b D. O.  |c physicist  |c Senior researcher of Tomsk Polytechnic University, Candidate of technical sciences  |f 1978-  |g Denis Olegovich  |2 stltpush  |3 (RuTPU)RU\TPU\pers\34240 
712 0 2 |a Национальный исследовательский Томский политехнический университет (ТПУ)  |b Физико-технический институт (ФТИ)  |b Лаборатория № 22  |h 6469  |2 stltpush  |3 (RuTPU)RU\TPU\col\19225 
801 2 |a RU  |b 63413507  |c 20161230  |g RCR 
856 4 |u http://earchive.tpu.ru/handle/11683/35843 
942 |c BK